000
00309nam a22001337a 4500
008
170411b xxu||||| |||| 00| 0 eng d
020
_a
9780781770378
041
_a
eng
080
_2
3RD
_a
612.39
100
_a
10
101
_a
SHM
245
_a
SPORTS AND EXERCISE NUTRITION
_c
MCARDLE, W.D
942
_2
udc
_c
BK
999
_c
10439
_d
10439